000 00294nam a22001337a 4500
008 180312b xxu||||| |||| 00| 0 eng d
020 _a619376027957
041 _aeng
080 _a030
100 _a40
101 _aREF
245 _aGuinness world records 2005
_cDimery,R
942 _2udc
_cBK
999 _c44663
_d44663